<?xml version="1.0" encoding="UTF-8"?>
<record
    xmlns:xsi="http://www.w3.org/2001/XMLSchema-instance"
    xsi:schemaLocation="http://www.loc.gov/MARC21/slim http://www.loc.gov/standards/marcxml/schema/MARC21slim.xsd"
    xmlns="http://www.loc.gov/MARC21/slim">

  <leader>01179nam a22001577a 4500</leader>
  <controlfield tag="008">140714b        xxu||||| |||| 00| 0 eng d</controlfield>
  <datafield tag="020" ind1=" " ind2=" ">
    <subfield code="a">9781465382962</subfield>
  </datafield>
  <datafield tag="050" ind1=" " ind2=" ">
    <subfield code="a">Af/JV8790.D87</subfield>
  </datafield>
  <datafield tag="100" ind1=" " ind2=" ">
    <subfield code="a">Dugbazah, Justina. </subfield>
  </datafield>
  <datafield tag="245" ind1=" " ind2=" ">
    <subfield code="a">Gender, livelihoods and migration in africa. /</subfield>
    <subfield code="c">Justina Dugbazah.</subfield>
  </datafield>
  <datafield tag="260" ind1=" " ind2=" ">
    <subfield code="b">Xlibris Corporation, </subfield>
    <subfield code="c">2012.</subfield>
  </datafield>
  <datafield tag="300" ind1=" " ind2=" ">
    <subfield code="a">327p. :</subfield>
    <subfield code="b">ill., maps ;</subfield>
    <subfield code="c">19 cm.</subfield>
  </datafield>
  <datafield tag="500" ind1=" " ind2=" ">
    <subfield code="a">Includes bibliographical references and index. </subfield>
  </datafield>
  <datafield tag="505" ind1=" " ind2=" ">
    <subfield code="a">Contents: Examining the gender, livelihoods, and migration linkage in africa -- Gender framework for analysing livelihood and migration -- Historical perspectives on gender relations and factors that impact african women -- Exploring the livelihood discourse in africa -- Conceptualising global patterns and theories of migration -- Historical patterns of migration in sub-saharan africa -- History and profile of the volta region and the abutia villages -- Political and social organisation in the study communities -- Characteristics of migrant household and migrants -- Impact of migration on rural livelihoods -- Impact of migration in the public and private spheres -- Summary and conclusion. </subfield>
  </datafield>
  <datafield tag="942" ind1=" " ind2=" ">
    <subfield code="2">lcc</subfield>
    <subfield code="c">BK</subfield>
  </datafield>
  <datafield tag="999" ind1=" " ind2=" ">
    <subfield code="c">3134</subfield>
    <subfield code="d">10634</subfield>
  </datafield>
  <datafield tag="952" ind1=" " ind2=" ">
    <subfield code="0">0</subfield>
    <subfield code="1">0</subfield>
    <subfield code="2">lcc</subfield>
    <subfield code="4">0</subfield>
    <subfield code="7">0</subfield>
    <subfield code="a">WIUC-1</subfield>
    <subfield code="b">WIUC-1</subfield>
    <subfield code="c">REF</subfield>
    <subfield code="d">2014-07-14</subfield>
    <subfield code="l">0</subfield>
    <subfield code="o">Af/JV8790.D87</subfield>
    <subfield code="p">7687/114/14</subfield>
    <subfield code="r">2014-07-14 00:00:00</subfield>
    <subfield code="t">1</subfield>
    <subfield code="w">2014-07-14</subfield>
    <subfield code="y">BK</subfield>
  </datafield>
  <datafield tag="952" ind1=" " ind2=" ">
    <subfield code="0">0</subfield>
    <subfield code="1">0</subfield>
    <subfield code="2">lcc</subfield>
    <subfield code="4">0</subfield>
    <subfield code="7">0</subfield>
    <subfield code="a">WIUC-1</subfield>
    <subfield code="b">WIUC-1</subfield>
    <subfield code="c">LL</subfield>
    <subfield code="d">2014-09-12</subfield>
    <subfield code="l">0</subfield>
    <subfield code="o">Af/JV8790.D87</subfield>
    <subfield code="p">316/13</subfield>
    <subfield code="r">2014-09-12 00:00:00</subfield>
    <subfield code="t">1</subfield>
    <subfield code="w">2014-09-12</subfield>
    <subfield code="y">BK</subfield>
  </datafield>
</record>
